Synthesis of 1,5,6,10b-tetrahydro-1,2,4-triazolo[3,4-a]isoquinolines

Elmentve itt :
Bibliográfiai részletek
Szerzők: Fülöp Ferenc
Lázár László
El-Gharib M. S. A.
Bernáth Gábor
Dokumentumtípus: Cikk
Megjelent: 1990
Sorozat:Kolligátum
Kulcsszavak:Heterociklusos vegyületek - szintézis, Szerves kémia - reakciómechanizmus, Sztereokémia, Olvadáspont meghatározása
Online Access:http://misc.bibl.u-szeged.hu/28022
LEADER 00784nab a2200205 i 4500
001 misc28022
005 20191111110243.0
008 170929s1990 hu o 0|| zxx d
040 |a SZTE Miscellanea Repozitórium  |b hun 
041 |a zxx 
100 1 |a Fülöp Ferenc 
245 1 0 |a Synthesis of 1,5,6,10b-tetrahydro-1,2,4-triazolo[3,4-a]isoquinolines  |h [elektronikus dokumentum] /  |c  Fülöp Ferenc 
260 |c 1990 
300 |a 60-61 
490 0 |a Kolligátum 
695 |a Heterociklusos vegyületek - szintézis, Szerves kémia - reakciómechanizmus, Sztereokémia, Olvadáspont meghatározása 
700 0 1 |a Lázár László  |e aut 
700 0 2 |a El-Gharib M. S. A.  |e aut 
700 0 2 |a Bernáth Gábor  |e aut 
856 4 0 |u http://misc.bibl.u-szeged.hu/28022/1/018_019_542-543.pdf  |z Dokumentum-elérés